<?xml version="1.0" encoding="UTF-8"?>
<collection xmlns="http://www.loc.gov/MARC21/slim">
 <record>
  <leader>00347pamaa2200133   4500</leader>
  <controlfield tag="001">0000022186</controlfield>
  <controlfield tag="005">20061120090000.0</controlfield>
  <datafield tag="020" ind1="0" ind2="0">
   <subfield code="a">18522241101 </subfield>
  </datafield>
  <datafield tag="090" ind1="0" ind2="0">
   <subfield code="a">PR1174 </subfield>
   <subfield code="b">MAN 1990</subfield>
  </datafield>
  <datafield tag="100" ind1="1" ind2="0">
   <subfield code="a">MANGAN </subfield>
  </datafield>
  <datafield tag="245" ind1="1" ind2="0">
   <subfield code="a">Waiting for the storm  </subfield>
   <subfield code="c">Gerald Mangan.</subfield>
  </datafield>
  <datafield tag="260" ind1="0" ind2="0">
   <subfield code="a">New Castle Upon Tyne: </subfield>
   <subfield code="b">Bloodaxe Books, </subfield>
   <subfield code="c">1990.</subfield>
  </datafield>
  <datafield tag="300" ind1=" " ind2=" ">
   <subfield code="a">64p.; </subfield>
   <subfield code="c">22cm.</subfield>
  </datafield>
  <datafield tag="650" ind1="0" ind2="0">
   <subfield code="a">English poetry </subfield>
  </datafield>
 </record>
</collection>
